|
|
|
|
| LEADER |
00664cam a2200205 7i4500 |
| 001 |
0000010461 |
| 005 |
20080827090000.0 |
| 008 |
080410 eng |
| 020 |
|
|
|a 9833710379
|
| 040 |
|
|
|a OhCoOLI
|
| 050 |
0 |
0 |
|a BP639 ALL 2006
|
| 090 |
0 |
0 |
|a BP639
|b .A45 2006
|
| 100 |
1 |
|
|a Allen, James
|
| 245 |
1 |
0 |
|a Man :
|b king of mind, body and circumstance
|c James Allen.
|
| 260 |
|
|
|a Batu Caves, Selangor:
|b Masterpiece Pub. Sdn. Bhd.,
|c 2006.
|
| 300 |
|
|
|a vii, 65 p.;
|c 23 cm.
|
| 650 |
0 |
0 |
|a New thought
|
| 650 |
0 |
0 |
|a Conduct of life
|
| 999 |
|
|
|a 0000030192
|b BOK
|c OPEN SHELF
|e 1st Floor, Shah Alam
|
| 999 |
|
|
|a 0000031653
|b BOK
|c OPEN SHELF
|e 1st Floor, Bestari Jaya
|